Legado Británico en Valparaíso
Αποθηκεύτηκε σε:
| Κύριος συγγραφέας: | |
|---|---|
| Μορφή: | Βιβλίο |
| Γλώσσα: | Ισπανικά Αγγλικά |
| Έκδοση: |
Viña del Mar
Instituto Chileno Británico de Cultura de Valparaíso
2010
|
| Θέματα: | |
| Ετικέτες: |
Προσθήκη ετικέτας
Δεν υπάρχουν, Καταχωρήστε ετικέτα πρώτοι!
|
MARC
| LEADER | 00000cam a2200000 a 4500 | ||
|---|---|---|---|
| 001 | UCF1884 | ||
| 003 | CL-VaPUC | ||
| 008 | 120727e20100000CL |||||||||||||||||spa|d | ||
| 020 | |a 9789562848169 | ||
| 041 | 0 | 7 | |a spa |2 CL-VaPUC |
| 041 | 0 | 7 | |a eng |2 CL-VaPUC |
| 082 | 0 | 4 | |a 325.9410983 |b PRA |2 21 |
| 100 | 0 | |a Prain, Michelle |e author |9 563416 | |
| 245 | 1 | 0 | |a Legado Británico en Valparaíso |
| 246 | 1 | 0 | |a British Legacy in Valparaíso |
| 300 | |a 361 p | ||
| 942 | |c BK | ||
| 945 | |d 20120727 00:00:00 |a dcastane | ||
| 260 | |a Viña del Mar |b Instituto Chileno Británico de Cultura de Valparaíso |c 2010 | ||
| 650 | 0 | |a Inmigración |9 268290 | |
| 650 | 7 | |a BRITANICOS |2 CL-VaPUC |9 518434 | |
| 650 | 0 | |a Historia de Chile |9 265473 | |
| 583 | |a last modification |c 20120727 13:37:00 |k Rodrigo Vera | ||
| 999 | |c 348572 |d 348570 | ||
| 952 | |0 0 |1 0 |4 0 |6 325_941098300000000_PRA_2010 |7 0 |8 A |9 450638 |a BIBING |b BIBING |d 2019-11-22 |i 488423K |l 1 |o 325.9410983 PRA 2010 |p 488423K |r 2025-01-20 |s 2023-08-17 |w 2019-11-22 |y BK |k CUI | ||